<?xml version="1.0" encoding="UTF-8"?>
<record
    xmlns:xsi="http://www.w3.org/2001/XMLSchema-instance"
    xsi:schemaLocation="http://www.loc.gov/MARC21/slim http://www.loc.gov/standards/marcxml/schema/MARC21slim.xsd"
    xmlns="http://www.loc.gov/MARC21/slim">

  <leader>00311nam a22001217a 4500</leader>
  <datafield tag="040" ind1=" " ind2=" ">
    <subfield code="c">SK</subfield>
  </datafield>
  <datafield tag="082" ind1=" " ind2=" ">
    <subfield code="a">635</subfield>
  </datafield>
  <datafield tag="100" ind1=" " ind2=" ">
    <subfield code="a">&#x1785;&#x17B6;&#x1793;&#x17CB; &#x178E;&#x17B6;&#x179A;&#x17C9;&#x17C1;&#x178F;</subfield>
  </datafield>
  <datafield tag="245" ind1=" " ind2=" ">
    <subfield code="a">&#x1780;&#x17B6;&#x179A;&#x1792;&#x17D2;&#x179C;&#x17BE;&#x179F;&#x17BD;&#x1793;&#x1794;&#x1793;&#x17D2;&#x179B;&#x17C2;</subfield>
  </datafield>
  <datafield tag="260" ind1=" " ind2=" ">
    <subfield code="a">&#x179F;&#x17D2;&#x179A;&#x17B6;&#x179C;&#x179F;&#x17D2;&#x179A;&#x17B6;&#x179C;</subfield>
    <subfield code="b">&#x1785;&#x17B6;&#x1793;&#x17CB; </subfield>
    <subfield code="c">1993</subfield>
  </datafield>
  <datafield tag="300" ind1=" " ind2=" ">
    <subfield code="a">205p.</subfield>
  </datafield>
  <datafield tag="942" ind1=" " ind2=" ">
    <subfield code="c">KB</subfield>
  </datafield>
  <datafield tag="999" ind1=" " ind2=" ">
    <subfield code="c">9615</subfield>
    <subfield code="d">9615</subfield>
  </datafield>
  <datafield tag="952" ind1=" " ind2=" ">
    <subfield code="0">0</subfield>
    <subfield code="1">0</subfield>
    <subfield code="4">0</subfield>
    <subfield code="6">635_000000000000000_&#x1785;&#x17B6;&#x1793;_1993_C238</subfield>
    <subfield code="7">0</subfield>
    <subfield code="9">51679</subfield>
    <subfield code="a">LBC</subfield>
    <subfield code="b">LBC</subfield>
    <subfield code="c">C238</subfield>
    <subfield code="d">2016-09-06</subfield>
    <subfield code="o">635 &#x1785;&#x17B6;&#x1793;&#x17CB;&#x200B; 1993 C238</subfield>
    <subfield code="p">A00101</subfield>
    <subfield code="r">2016-09-06</subfield>
    <subfield code="y">KB</subfield>
  </datafield>
  <datafield tag="952" ind1=" " ind2=" ">
    <subfield code="0">0</subfield>
    <subfield code="1">0</subfield>
    <subfield code="4">0</subfield>
    <subfield code="6">635_000000000000000_&#x1785;&#x17B6;&#x1793;_1993_C238</subfield>
    <subfield code="7">0</subfield>
    <subfield code="9">51681</subfield>
    <subfield code="a">LBC</subfield>
    <subfield code="b">LBC</subfield>
    <subfield code="c">C238</subfield>
    <subfield code="d">2016-09-06</subfield>
    <subfield code="o">635 &#x1785;&#x17B6;&#x1793;&#x17CB; 1993 C238</subfield>
    <subfield code="p">A00339</subfield>
    <subfield code="r">2016-09-06</subfield>
    <subfield code="y">KB</subfield>
  </datafield>
</record>
